[Event "SC Rochade Emsdetten 3 - SV Ibbenbüren "]
[Site "Verbandsklasse 2018/2019"]
[Date "2019.02.09"]
[Round "6.8"]
[White "Schmidt, Frank"]
[Black "Welzel, Wilhelm"]
[Result "1/2-1/2"]
[WhiteElo "1568"]
[BlackElo "1528"]
[PlyCount "37"]
[EventDate "2019.??.??"]
[SourceDate "2018.10.06"]

1. d4 Nf6 2. c4 g6 3. Nf3 Bg7 4. Nc3 d6 5. e4 O-O 6. Be2 Nbd7 7. O-O e5 8. d5
Nc5 9. Qc2 a5 10. Bg5 h6 11. Bh4 g5 12. Bg3 Nh5 13. Nd2 Nf4 14. Nb3 f5 15. Nxc5
Nxe2+ 16. Qxe2 dxc5 17. f3 f4 18. Bf2 b6 19. a4 1/2-1/2

[Event "Schach Nienberge 2 - SC Klein-Berlin Rh"]
[Site "Verbandsklasse 2018/2019"]
[Date "2019.02.09"]
[Round "6.1"]
[White "Ratert, Matthias"]
[Black "Da Costa Campos, Andre"]
[Result "1/2-1/2"]
[WhiteElo "1878"]
[BlackElo "1930"]
[PlyCount "86"]
[EventDate "2019.??.??"]
[SourceDate "2018.10.06"]

1. e4 e5 2. Nf3 Nc6 3. Bb5 a6 4. Ba4 Nf6 5. O-O Be7 6. Re1 b5 7. Bb3 O-O 8. d4
Nxd4 9. Bxf7+ Rxf7 10. Nxe5 Ne6 11. Nxf7 Kxf7 12. e5 Ne8 13. Qf3+ Kg8 14. Qxa8
c6 15. Be3 N8c7 16. Qa7 Nd5 17. Nc3 Nb4 18. Ne4 Nxc2 19. Nd6 Nxe1 20. Nxc8 Nf3+
21. gxf3 Qxc8 22. Rd1 Nc7 23. Qd4 Nd5 24. Qg4 Bf8 25. Bg5 Qe8 26. Re1 Nc7 27.
Bd2 Qf7 28. a3 Qd5 29. Bc3 Ne6 30. Qe4 Qb3 31. f4 h6 32. h4 Nc5 33. Qd4 Qe6 34.
Qe3 Qf5 35. Bd2 Nd3 36. Re2 Bc5 37. Qf3 Nxb2 38. Kg2 Nc4 39. Bb4 Bxb4 40. axb4
Nb6 41. Kg3 Nd5 42. Qe4 Qf7 43. Rc2 Ne7 1/2-1/2

[Event "Schach Nienberge 2 - SC Klein-Berlin Rh"]
[Site "Verbandsklasse 2018/2019"]
[Date "2019.02.09"]
[Round "6.2"]
[White "Melkert, Tim"]
[Black "Hauk, Viktoria"]
[Result "1/2-1/2"]
[WhiteElo "1912"]
[BlackElo "1862"]
[PlyCount "89"]
[EventDate "2019.??.??"]
[SourceDate "2018.10.06"]

1. e4 d5 2. exd5 Qxd5 3. Nc3 Qd6 4. d4 Nf6 5. Nge2 c6 6. g3 Bg4 7. Bg2 e6 8.
Bf4 Qd8 9. O-O Be7 10. a4 O-O 11. a5 Na6 12. Ra4 Qd7 13. Be5 Bf5 14. f3 Nd5 15.
Nxd5 exd5 16. g4 f6 17. Bg3 Bg6 18. c3 Bd6 19. Bxd6 Qxd6 20. f4 Rae8 21. f5 Bf7
22. Qd2 Re7 23. Qf4 Qxf4 24. Nxf4 Nc7 25. Rfa1 a6 26. Rb4 Nb5 27. Bf1 Re4 28.
Bxb5 cxb5 29. Rf1 Rfe8 30. Kg2 g5 31. fxg6 hxg6 32. Kg3 g5 33. Nd3 Re3+ 34. Rf3
Rxf3+ 35. Kxf3 Kg7 36. Rb3 Bg6 37. Nc5 Re7 38. Ra3 f5 39. gxf5 Bxf5 40. Ra1 Kf6
41. Rd1 Rh7 42. Kg3 Rh3+ 43. Kg2 Re3 44. Kf2 Rh3 45. Kg2 1/2-1/2

[Event "Schach Nienberge 2 - SC Klein-Berlin Rh"]
[Site "Verbandsklasse 2018/2019"]
[Date "2019.02.09"]
[Round "6.3"]
[White "Van Dijk, Guido"]
[Black "Schipke, Thorsten"]
[Result "1/2-1/2"]
[WhiteElo "1769"]
[BlackElo "1860"]
[PlyCount "60"]
[EventDate "2019.??.??"]
[SourceDate "2018.10.06"]

1. e4 c5 2. Nf3 Nf6 3. e5 Nd5 4. c3 Nc6 5. Bb5 e6 6. Bxc6 bxc6 7. O-O d6 8. d4
cxd4 9. Qxd4 dxe5 10. Qxe5 Qd6 11. Nbd2 f6 12. Qxd6 Bxd6 13. Ne4 Be7 14. c4 Nc7
15. Be3 e5 16. Rfd1 O-O 17. Bc5 Bxc5 18. Nxc5 Ne6 19. Nxe6 Bxe6 20. b3 Rfd8 21.
h3 Kf7 22. Kf1 c5 23. Rxd8 Rxd8 24. Re1 Bf5 25. Rc1 e4 26. Ne1 Rd2 27. Nc2 Be6
28. Ke1 e3 29. Nxe3 Rxa2 30. Rc2 Ra1+ 1/2-1/2

[Event "Schach Nienberge 2 - SC Klein-Berlin Rh"]
[Site "Verbandsklasse 2018/2019"]
[Date "2019.02.09"]
[Round "6.4"]
[White "Schaefer, Guenter"]
[Black "Brinkmann, Franz Josef"]
[Result "0-1"]
[WhiteElo "1855"]
[BlackElo "1754"]
[PlyCount "78"]
[EventDate "2019.??.??"]
[SourceDate "2018.10.06"]

1. e4 c5 2. Nc3 Nc6 3. Bb5 Nd4 4. Bc4 a6 5. d3 d6 6. Nge2 Nf6 7. Nxd4 cxd4 8.
Nd5 e6 9. Nxf6+ Qxf6 10. O-O b5 11. Bb3 Bb7 12. Bd2 Be7 13. a4 O-O 14. axb5
axb5 15. Rxa8 Rxa8 16. Qh5 Bc6 17. f4 Qg6 18. Qh3 d5 19. e5 f5 20. exf6 Qxf6
21. Re1 Bd7 22. Bxd5 Ra6 23. Bb3 g6 24. Qf3 Bc8 25. Qe4 Kf8 26. Qe5 Qxe5 27.
fxe5 g5 28. Re4 h6 29. h4 Ra1+ 30. Kh2 Rd1 31. Re2 Kg7 32. hxg5 hxg5 33. Kg3
Kg6 34. Kg4 Rh1 35. Kg3 Kh5 36. Rf2 g4 37. Re2 Bh4+ 38. Kf4 Bb7 39. Bxe6 Rf1+
0-1

[Event "Schach Nienberge 2 - SC Klein-Berlin Rh"]
[Site "Verbandsklasse 2018/2019"]
[Date "2019.02.09"]
[Round "6.5"]
[White "Miethe, Christoph"]
[Black "Wetterau, Georg"]
[Result "0-1"]
[WhiteElo "1747"]
[BlackElo "1804"]
[PlyCount "44"]
[EventDate "2019.??.??"]
[SourceDate "2018.10.06"]

1. e4 e5 2. Nf3 Nc6 3. Bc4 Nf6 4. d3 Bc5 5. O-O h6 6. Nc3 d6 7. h3 Qe7 8. a3 g5
9. Be3 g4 10. hxg4 Bxg4 11. b4 Bd4 12. Bd2 Bb6 13. Bb5 O-O-O 14. Bxc6 bxc6 15.
Na4 Rdg8 16. Nxb6+ cxb6 17. Kh1 Nh7 18. Qe2 Ng5 19. Bxg5 hxg5+ 20. Kg1 Rg6 21.
Qe3 Rgh6 22. g3 Qf6 0-1

[Event "Schach Nienberge 2 - SC Klein-Berlin Rh"]
[Site "Verbandsklasse 2018/2019"]
[Date "2019.02.09"]
[Round "6.6"]
[White "Weist, Thorsten"]
[Black "Horstmann, Michael"]
[Result "1/2-1/2"]
[WhiteElo "1724"]
[BlackElo "1670"]
[PlyCount "111"]
[EventDate "2019.??.??"]
[SourceDate "2018.10.06"]

1. d4 Nf6 2. Nf3 e6 3. c4 Nc6 4. Nc3 Bb4 5. a3 Bxc3+ 6. bxc3 Na5 7. e3 b6 8.
Bd3 Ba6 9. Nd2 O-O 10. Qc2 d5 11. cxd5 Bxd3 12. Qxd3 exd5 13. O-O Re8 14. c4 c6
15. a4 Ne4 16. Nxe4 Rxe4 17. f3 Re6 18. cxd5 cxd5 19. e4 Rc8 20. Bd2 Nc4 21. e5
Rec6 22. Rac1 Qc7 23. f4 Nxd2 24. Rxc6 Qxc6 25. Qxd2 Qxa4 26. f5 Rc2 27. Qf4
Rc4 28. e6 Qe8 29. f6 gxf6 30. Qg3+ Kh8 31. exf7 Qxf7 32. Qb8+ Kg7 33. Rf3 h6
34. Rg3+ Kh7 35. Qf4 Qh5 36. Rf3 Qg6 37. Qxf6 Qxf6 38. Rxf6 Kg7 39. Rd6 Rxd4
40. Rd7+ Kg6 41. Rxa7 b5 42. Kf2 Rd2+ 43. Kf3 d4 44. Rb7 Rb2 45. Rd7 Rb3+ 46.
Ke4 Rb2 47. Kf3 Rb4 48. g4 Rc4 49. h4 b4 50. Rd6+ Kg7 51. g5 hxg5 52. hxg5 Rc3+
53. Ke4 Rg3 54. Rxd4 b3 55. Rd7+ Kg6 56. Rb7 1/2-1/2

[Event "Schach Nienberge 2 - SC Klein-Berlin Rh"]
[Site "Verbandsklasse 2018/2019"]
[Date "2019.02.09"]
[Round "6.7"]
[White "Huesmann, Stephan"]
[Black "Scharlow, Siegmar"]
[Result "0-1"]
[WhiteElo "1674"]
[BlackElo "1689"]
[PlyCount "48"]
[EventDate "2019.??.??"]
[SourceDate "2018.10.06"]

1. e4 c5 2. Nf3 Nc6 3. d4 cxd4 4. Nxd4 g6 5. Be3 Bg7 6. Nc3 Nf6 7. f3 O-O 8.
Qd2 d5 9. Nxc6 bxc6 10. Rd1 e6 11. Bg5 Qa5 12. e5 Nd7 13. f4 Ba6 14. Bxa6 Qxa6
15. b3 Rfe8 16. Qe2 Qa5 17. Qf3 Qa6 18. g4 f6 19. exf6 Nxf6 20. Rd3 e5 21. Re3
e4 22. Qd1 d4 23. Bxf6 Bxf6 24. Nxe4 Bh4+ 0-1

[Event "Schach Nienberge 2 - SC Klein-Berlin Rh"]
[Site "Verbandsklasse 2018/2019"]
[Date "2019.02.09"]
[Round "6.8"]
[White "Hagemann, Lars"]
[Black "Pohlmeier, Ulrich"]
[Result "1-0"]
[WhiteElo "1683"]
[BlackElo "1584"]
[PlyCount "45"]
[EventDate "2019.??.??"]
[SourceDate "2018.10.06"]

1. e4 e5 2. Nf3 Nc6 3. Bc4 d6 4. d4 exd4 5. Nxd4 Nxd4 6. Qxd4 Be6 7. O-O Qf6 8.
Qd3 Bxc4 9. Qxc4 O-O-O 10. Be3 a6 11. Nc3 Ne7 12. a4 Qe6 13. Nd5 Nxd5 14. exd5
Qd7 15. Ra3 f6 16. Ba7 Re8 17. Rb3 b5 18. axb5 axb5 19. Rxb5 c5 20. Qa4 Kd8 21.
Rb8+ Ke7 22. Re1+ Kf7 23. Qxd7+ 1-0